A quoi ont-ils donné leur nom ? - Statistiques

Statistiques générales
  • Ce quiz a été pris 327 fois
  • Le résultat moyen est 18 sur 34
Statistiques - réponses
Indice % Correct
Frangipani Frangipane
93%
Joseph et Etienne de Montgolfier Montgolfière
93%
Eugène Poubelle Poubelle
90%
Louis de Bechameil Béchamel
89%
Joseph Guillotin Guillotine
88%
Louis Braille Braille
85%
Alessandro Volta Volt
82%
Amerigo Vespucci Amerique
81%
Adolphe Sax Saxophone
81%
Les Lampades Lampadaire
73%
Christophe Colomb Colombie
69%
François Barrême Barême
68%
Mausole Mausolée
67%
Renart Renard
67%
Jean Nicot Nicotine
62%
Phinéas Barnum Barnum
60%
Louis Rustin Rustine
60%
Pipelet Pipelette
55%
Louis Pasteur Pasteurisation
54%
Marcel Bich Bic
52%
Ambrogio Calepino Calepin
51%
André Michelin Micheline
48%
François Mansart Mansarde
45%
Félix Galipaux Galipette
35%
Juge Lynch Lynchage
32%
Caïus Maecenas Mécène
32%
Madeleine Paulmier Madeleine
29%
Guillaume Massiquot Massicot
29%
Vespasien Vespasiennes
18%
Louis Daguerre Daguerréotype
16%
Jean Antoine Chaptal Chaptalisation
8%
Leo Bakaeland Bakélite
7%
Qin Shi Huant Chine
7%
Osman 1er Ottoman
5%
Aucun quiz correspondant
Distribution des résultats
% des personnes avec chaque résultat
Percentile par nombre de réponses
Votre historique - résultats
Vous n’avez pas pris ce quiz